[Event "Santiago zt"]
[Site "Santiago CHI"]
[Date "1987.??.??"]
[Round "4"]
[White "Soppe, Guillermo G"]
[Black "Sunye Neto, Jaime"]
[Result "1/2-1/2"]
[WhiteElo "2350"]
[BlackElo "2500"]
[PlyCount "96"]
[EventDate "1987.03.??"]
[Source "www.chesslib.no"]
[SourceDate "2004.05.04"]

1. d4 Nf6 2. c4 e6 3. Nc3 Bb4 4. Qb3 a5 5. Nf3 b6 6. g3 O-O 7. Bg2 Bb7 8. O-O Bxc3 9. Qxc3 d6 10. b3 Nbd7 11. Bb2 Be4 12. Rfd1 c6 13. Bh3 b5 14. Qe3 Re8 15. Nh4 h6 16. f3 Bh7 17. cxb5 cxb5 18. Ng2 a4 19. Qd2 Qb6 20. Ne3 Ra7 21. Qb4 Rea8 22. Rac1 Ne8 23. Bg2 Nc7 24. f4 d5 25. bxa4 bxa4 26. Qxb6 Nxb6 27. Ba3 Nd7 28. Rc6 Nb5 29. Bb4 Ra6 30. Rxa6 Rxa6 31. f5 Nf6 32. Bh3 Rc6 33. Bc5 Nc3 34. Rd2 Nfe4 35. Rb2 Bxf5 36. Nxf5 exf5 37. Bxf5 g6 38. Bxe4 Nxe4 39. Rb8+ Kh7 40. Rb7 Kg7 41. Ra7 Nc3 42. Kf1 Nxa2 43. Rxa4 Nc3 44. Ra8 g5 45. Rd8 Rf6+ 46. Ke1 Re6 47. Kd2 Ne4+ 48. Kd3 Nf2+ 1/2-1/2

[Event "Olot Open"]
[Site "Olot"]
[Date "1994.??.??"]
[Round "?"]
[White "Narciso Dublan, Marc"]
[Black "Gomez Esteban, Juan M"]
[Result "1-0"]
[WhiteElo "2360"]
[BlackElo "2485"]
[PlyCount "108"]
[EventDate "1994.08.??"]
[Source "www.chesslib.no"]
[SourceDate "2004.05.04"]

1. d4 Nf6 2. c4 e6 3. Nc3 Bb4 4. Qb3 c5 5. dxc5 Na6 6. a3 Bxc5 7. Nf3 O-O 8. Bg5 Be7 9. e3 b6 10. Be2 Bb7 11. O-O h6 12. Bh4 Rc8 13. Rfd1 Nc5 14. Qc2 Nfe4 15. Bxe7 Qxe7 16. b4 Nxc3 17. Qxc3 Ne4 18. Qb2 Rc7 19. Rac1 Rfc8 20. Nd2 Qg5 21. Nxe4 Bxe4 22. g3 d5 23. cxd5 Rc2 24. Rxc2 Rxc2 25. Qd4 Qf5 26. g4 Qg6 27. f3 Rxe2 28. Qxe4 exd5 29. Qd3 Qxd3 30. Rxd3 Kf8 31. h4 Ke7 32. Kf1 Ra2 33. Rxd5 Rxa3 34. Kf2 Rb3 35. b5 Ke6 36. e4 g6 37. Kg3 f6 38. h5 g5 39. Kf2 Rb2+ 40. Ke3 Rb3+ 41. Ke2 Ke7 42. e5 fxe5 43. Rxe5+ Kd6 44. Rf5 Ke6 45. Kd2 Ra3 46. Ke2 Rc3 47. Rf8 Rc5 48. Ra8 Rxb5 49. Rxa7 Ke5 50. Ke3 Rc5 51. Re7+ Kd5 52. Rd7+ Ke5 53. Re7+ Kd5 54. Rd7+ Ke5 1-0

[Event "NED Ch"]
[Site "Hilversum NED"]
[Date "1989.??.??"]
[Round "2"]
[White "Gelpke, Peter"]
[Black "Douven, Rudy C"]
[Result "1-0"]
[WhiteElo "2395"]
[BlackElo "2445"]
[PlyCount "81"]
[EventDate "1989.04.??"]
[Source "www.chesslib.no"]
[SourceDate "2004.05.04"]

1. d4 Nf6 2. c4 e6 3. Nc3 Bb4 4. Qb3 c5 5. e3 O-O 6. a3 Bxc3+ 7. Qxc3 b6 8. Nf3 Bb7 9. Be2 d6 10. O-O Nbd7 11. b4 Rc8 12. Bb2 Ne4 13. Qb3 Rc7 14. Rfd1 Qe7 15. dxc5 bxc5 16. Nd2 Nef6 17. b5 e5 18. f3 h5 19. Nf1 h4 20. Rd2 Nb6 21. a4 h3 22. g3 d5 23. cxd5 Nbxd5 24. a5 Nb4 25. e4 Nh5 26. Qc3 Re8 27. Bc4 Rd7 28. Rad1 Rd4 29. Qb3 Rxd2 30. Rxd2 a6 31. bxa6 Bxa6 32. Bxa6 Nxa6 33. Rd5 c4 34. Qe3 Qc7 35. f4 exf4 36. gxf4 Nxf4 37. Rg5 Ng6 38. Qd4 f6 39. Rxg6 Rd8 40. Qxf6 Rf8 41. Rxg7+ 1-0

[Event "Voronezh op 3rd"]
[Site "Voronezh"]
[Date "1999.06.13"]
[Round "2"]
[White "Chernyshov, Konstantin"]
[Black "Zangiev, Pavel"]
[Result "1-0"]
[WhiteElo "2488"]
[BlackElo "2344"]
[PlyCount "61"]
[EventDate "1999.06.??"]
[Source "www.chesslib.no"]
[SourceDate "2004.05.04"]

1. d4 Nf6 2. c4 e6 3. Nc3 Bb4 4. Qb3 c5 5. e3 O-O 6. Nf3 d5 7. cxd5 Nxd5 8. Bd2 cxd4 9. Nxd4 Nd7 10. Ne4 Nc5 11. Nxc5 Bxd2+ 12. Kxd2 Qa5+ 13. Kd1 Qxc5 14. Rc1 Qe7 15. Bc4 Nb6 16. Ke2 e5 17. Nf3 e4 18. Nd4 Qg5 19. h3 Bd7 20. g4 Kh8 21. Qb4 Rad8 22. Bb3 f5 23. f4 exf3+ 24. Nxf3 Qh6 25. Rcd1 Rde8 26. Ne5 Bc6 27. Rd6 Bf3+ 28. Kxf3 fxg4+ 29. Ke2 Qg5 30. Re6 a5 31. Rxe8 1-0

[Event "Jurmala"]
[Site "Jurmala LAT"]
[Date "1978.??.??"]
[Round "11"]
[White "Nogueiras, Jesus"]
[Black "Ligterink, Gert"]
[Result "1-0"]
[WhiteElo "2385"]
[BlackElo "2440"]
[PlyCount "69"]
[EventDate "1978.??.??"]
[Source "www.chesslib.no"]
[SourceDate "2004.05.04"]

1. d4 Nf6 2. c4 e6 3. Nc3 Bb4 4. Qb3 c5 5. dxc5 Na6 6. a3 Bxc5 7. Nf3 O-O 8. Qc2 b6 9. e4 Bb7 10. Bd3 h6 11. O-O Rc8 12. b4 Be7 13. Bb2 Nc7 14. e5 Nfe8 15. Be4 Bxe4 16. Qxe4 a5 17. b5 d5 18. Qg4 dxc4 19. Rfd1 Nd5 20. Nd4 Nxc3 21. Bxc3 Nc7 22. Nc6 Qe8 23. a4 Nd5 24. Qxc4 Qd7 25. Rd3 Qb7 26. Rad1 Rc7 27. Rg3 Rfc8 28. Bd2 Kh7 29. Bxh6 gxh6 30. Qg4 Bg5 31. h4 Rg8 32. Qe4+ Kh8 33. hxg5 Rxg5 34. Rxg5 hxg5 35. Qg4 1-0

[Event "USA-op Los Angeles"]
[Site "Los Angeles, CA USA"]
[Date "1991.??.??"]
[Round "?"]
[White "Akopian, Vladimir E"]
[Black "Hurdle, Robert"]
[Result "1-0"]
[WhiteElo "2590"]
[BlackElo "2235"]
[PlyCount "69"]
[EventDate "1991.07.??"]
[Source "www.chesslib.no"]
[SourceDate "2004.05.04"]

1. d4 Nf6 2. c4 e6 3. Nc3 Bb4 4. Qb3 c5 5. dxc5 Na6 6. a3 Bxc5 7. Nf3 b6 8. Qc2 O-O 9. b4 Be7 10. e4 d6 11. Bd3 Bb7 12. O-O Rc8 13. Bb2 Nc7 14. Rad1 e5 15. Rfe1 Ne6 16. Bf1 Qe8 17. Qb3 a6 18. Rc1 Kh8 19. g3 Nxe4 20. Nxe4 f5 21. Ned2 f4 22. Bg2 fxg3 23. hxg3 Qh5 24. Ne4 Qg4 25. Qe3 Rf5 26. Nh2 Qg6 27. Qxb6 Ba8 28. c5 dxc5 29. bxc5 Rxf2 30. Kxf2 Rf8+ 31. Kg1 Bxe4 32. Rxe4 Qxg3 33. Qxe6 Qf2+ 34. Kh1 Qxb2 35. Rf1 1-0

[Event "Decin-B 8th"]
[Site "Decin CZE"]
[Date "1978.06.23"]
[Round "14"]
[White "Szymczak, Zbigniew"]
[Black "Liebert, Heinz"]
[Result "1-0"]
[WhiteElo "2390"]
[BlackElo "2420"]
[PlyCount "105"]
[EventDate "1978.06.10"]
[Source "www.chesslib.no"]
[SourceDate "2004.05.04"]

1. d4 Nf6 2. c4 e6 3. Nc3 Bb4 4. Qb3 c5 5. dxc5 Na6 6. a3 Bxc5 7. Nf3 b6 8. Qc2 Bb7 9. e4 O-O 10. Bd3 h6 11. O-O Be7 12. e5 Ne8 13. Be4 Qc8 14. Bf4 d6 15. Bxb7 Qxb7 16. Qe4 Qc8 17. Rfd1 Nc5 18. Qe2 dxe5 19. Nxe5 Nf6 20. b4 Ncd7 21. Nb5 Nxe5 22. Bxe5 Qc6 23. Nd4 Qb7 24. Rac1 Nd7 25. Bg3 Rfe8 26. Nb5 Rac8 27. Qf3 Qxf3 28. gxf3 a6 29. Na7 Rcd8 30. Bc7 Ra8 31. Nc6 Bg5 32. Rc2 Nf8 33. Bxb6 Ng6 34. Be3 Rec8 35. Nd4 Bf6 36. Kf1 Rc7 37. a4 Rd8 38. Ke2 Rcd7 39. Rcd2 Ne5 40. Rc1 Rc8 41. c5 Rd5 42. Nb3 Rxd2+ 43. Bxd2 Nd7 44. Be3 Be5 45. c6 Nf6 46. b5 axb5 47. axb5 Nd5 48. b6 g5 49. b7 Re8 50. Nc5 Bxh2 51. Nd7 Rd8 52. Ra1 Nb4 53. Bb6 1-0

[Event "Bjeljina Renome"]
[Site "Bijeljina-Dvorovi"]
[Date "2000.01.30"]
[Round "5"]
[White "Nestorovic, Dejan"]
[Black "Petronic, Jovan"]
[Result "1-0"]
[WhiteElo "2386"]
[BlackElo "2423"]
[PlyCount "121"]
[EventDate "2000.01.26"]
[Source "ChessBase"]
[SourceDate "2000.03.10"]

1. d4 Nf6 2. c4 e6 3. Nc3 Bb4 4. Qb3 c5 5. dxc5 Bxc5 6. e3 O-O 7. Nf3 b6 8. Be2 Bb7 9. O-O Be7 10. Rd1 d6 11. c5 d5 12. cxb6 Qxb6 13. Nd4 Nbd7 14. Na4 Qxb3 15. Nxb3 Rab8 16. Na5 Ba8 17. Bd2 Ne4 18. Be1 Bf6 19. Rab1 Nb6 20. Nxb6 Rxb6 21. f3 Nd6 22. b4 Nb5 23. Bxb5 Rxb5 24. a4 Rbb8 25. b5 Rbc8 26. Rdc1 d4 27. exd4 Bxd4+ 28. Bf2 Bxf2+ 29. Kxf2 g5 30. Nc6 Rc7 31. Rc5 h6 32. Rbc1 Bxc6 33. Rxc6 Rd7 34. Rc7 Rfd8 35. Rxd7 Rxd7 36. Rc8+ Kg7 37. Ke3 Kf6 38. g4 Ke5 39. Rc6 Kf6 40. Ke4 Ke7 41. h3 Kf6 42. Rc4 Ke7 43. Rd4 Rc7 44. Kd3 Rc5 45. Rc4 Kd6 46. Kd4 Rd5+ 47. Kc3 Re5 48. Rc6+ Kd5 49. Rc7 Re3+ 50. Kb4 Rxf3 51. Rxa7 e5 52. Rd7+ Ke6 53. Rd1 Rf4+ 54. Ka5 Rd4 55. Rc1 Rd2 56. Kb6 e4 57. a5 e3 58. Re1 Rd6+ 59. Ka7 Rd7+ 60. Ka6 Rd3 61. b6 1-0

[Event "Nojabrsk RUS"]
[Site "?"]
[Date "2005.04.08"]
[Round "3"]
[White "Lysyj Igor"]
[Black "Ivanov Al3"]
[Result "1-0"]
[WhiteElo "2498"]
[BlackElo "2303"]
[PlyCount "57"]
[EventDate "2005.??.??"]
[Source "www.chesslib.no"]
[SourceDate "2004.05.04"]

1. c4 Nf6 2. d4 e6 3. Nc3 Bb4 4. Qb3 a5 5. Nf3 O-O 6. Bg5 h6 7. Bh4 c5 8. a3 a4 9. Qc2 Ba5 10. dxc5 Na6 11. Bg3 Nxc5 12. Bd6 Nb3 13. Rd1 Re8 14. e4 e5 15. c5 b6 16. Nxe5 Ba6 17. Bxa6 Rxa6 18. O-O Nxc5 19. Nxa4 Ncxe4 20. Qc4 b5 21. Qxf7+ Kh7 22. Qg6+ Kg8 23. Qf7+ Kh7 24. Qg6+ Kg8 25. Nf7 Qa8 26. Nxh6+ Kh8 27. Nf7+ Kg8 28. Nh6+ Kh8 29. Nf5 1-0

[Event "Cappelle op 18th"]
[Site "Cappelle la Grande"]
[Date "2002.02.16"]
[Round "8"]
[White "Galianina Ryjanova, Julia"]
[Black "Arkell, Keith C"]
[Result "1/2-1/2"]
[WhiteElo "2333"]
[BlackElo "2463"]
[PlyCount "46"]
[EventDate "2002.02.09"]
[Source "ChessBase"]
[SourceDate "2002.03.14"]

1. d4 Nf6 2. c4 e6 3. Nc3 Bb4 4. Qb3 c5 5. dxc5 Bxc5 6. Nf3 b6 7. Bg5 Bb7 8. e3 Be7 9. Be2 Na6 10. O-O Nc5 11. Qc2 Nce4 12. Nxe4 Nxe4 13. Bxe7 Qxe7 14. Rfd1 O-O 15. Nd2 Nxd2 16. Rxd2 Rfc8 17. Qd1 Rc7 18. Bf3 Rb8 19. Bxb7 Rbxb7 20. Qa4 Qc5 21. Rad1 g6 22. g3 b5 23. cxb5 d5 1/2-1/2

[Event "Tch-ESP Division de Honor"]
[Site "Lanzarote"]
[Date "2003.05.07"]
[Round "2.12"]
[White "Candela Perez, Jose"]
[Black "Estremera Panos, Sergio"]
[Result "1/2-1/2"]
[WhiteElo "2424"]
[BlackElo "2370"]
[PlyCount "101"]
[EventDate "2003.05.06"]
[Source "Roberto Alvarez"]
[SourceDate "2003.05.19"]

1. d4 Nf6 2. c4 e6 3. Nc3 Bb4 4. Qb3 Nc6 5. Nf3 d6 6. a3 Bxc3+ 7. Qxc3 O-O 8. g3 e5 9. dxe5 dxe5 10. Bg2 Re8 11. Be3 Bg4 12. h3 Bh5 13. Rd1 Qe7 14. Nh4 Nd4 15. g4 Bg6 16. Nxg6 hxg6 17. Bxb7 Rab8 18. Bf3 Rb3 19. Qc1 Reb8 20. Bxd4 exd4 21. O-O c5 22. Qg5 Rxb2 23. h4 Kf8 24. h5 gxh5 25. gxh5 Nh7 26. Qxe7+ Kxe7 27. e3 Ng5 28. Bg2 dxe3 29. fxe3 R8b3 30. Rf2 Rxf2 31. Kxf2 Rxa3 32. Rd5 Ra2+ 33. Kg3 Ne6 34. Bh3 Ra5 35. Bg4 Ra6 36. Bxe6 Rxe6 37. Kf4 Rc6 38. Rg5 Kf6 39. Rf5+ Ke7 40. Rg5 Kf8 41. Rd5 Rc7 42. Rd8+ Ke7 43. Rg8 Kf6 44. e4 Re7 45. Rc8 a5 46. Rxc5 Ra7 47. Rg5 a4 48. e5+ Ke6 49. Rxg7 a3 50. Rg1 Ra4 51. Kg5 1/2-1/2

[Event "Gelsenkirchen op"]
[Site "Gelsenkirchen"]
[Date "2000.??.??"]
[Round "10"]
[White "Bosch, Jeroen"]
[Black "Pilgaard, Kim"]
[Result "1/2-1/2"]
[WhiteElo "2415"]
[BlackElo "2377"]
[PlyCount "51"]
[EventDate "2000.??.??"]
[Source "www.chesslib.no"]
[SourceDate "2004.05.04"]

1. d4 Nf6 2. c4 e6 3. Nc3 Bb4 4. Qb3 c5 5. dxc5 Bxc5 6. Nf3 O-O 7. Bg5 Be7 8. e4 d6 9. Rd1 Nbd7 10. Be2 a6 11. O-O Qc7 12. Bf4 b6 13. Qc2 Rd8 14. Qd3 Nc5 15. Qe3 Ng4 16. Qc1 Bb7 17. Nd2 Ne5 18. Qb1 Bf6 19. Rc1 Qe7 20. Rfd1 Ng6 21. Be3 Bg5 22. Nf1 Rac8 23. b4 Bxe3 24. Nxe3 Nd7 25. g3 Nf6 26. Bf1 1/2-1/2

[Event "Mercedes Open"]
[Site "Mercedes"]
[Date "1975.??.??"]
[Round "9"]
[White "Foguelman, Alberto"]
[Black "Rubinetti, Jorge A"]
[Result "1/2-1/2"]
[WhiteElo "2350"]
[BlackElo "2440"]
[PlyCount "44"]
[EventDate "1975.??.??"]
[Source "www.chesslib.no"]
[SourceDate "2004.05.04"]

1. d4 Nf6 2. c4 e6 3. Nc3 Bb4 4. Qb3 a5 5. Bd2 O-O 6. Nf3 d6 7. g3 b6 8. Bg2 Bb7 9. O-O Nbd7 10. Rad1 Re8 11. Nh4 Qc8 12. Qc2 Bxg2 13. Nxg2 Qb7 14. Nb5 Bxd2 15. Qxd2 e5 16. d5 Nc5 17. f3 Qc8 18. e4 Qd8 19. Nh4 Rf8 20. Nf5 Kh8 21. Qg5 Ne8 22. Qxd8 Rxd8 1/2-1/2

[Event "Frankfurt"]
[Site "Frankfurt GER"]
[Date "1988.??.??"]
[Round "2"]
[White "Mukic, Josko"]
[Black "Staller, Peter"]
[Result "1/2-1/2"]
[WhiteElo "2420"]
[BlackElo "2370"]
[PlyCount "43"]
[EventDate "1988.??.??"]
[Source "www.chesslib.no"]
[SourceDate "2004.05.04"]

1. d4 Nf6 2. c4 e6 3. Nc3 Bb4 4. Qb3 Nc6 5. Nf3 O-O 6. Bg5 d6 7. e3 Re8 8. Be2 e5 9. d5 Bxc3+ 10. Qxc3 Nb8 11. O-O Bg4 12. Qc2 Nbd7 13. b4 b6 14. Rfe1 Bh5 15. e4 a5 16. a3 Ra7 17. Bxf6 Qxf6 18. Qa4 Bxf3 19. Bxf3 Qe7 20. Rac1 g6 21. Be2 Rea8 22. Qc6 1/2-1/2

[Event "Kurgan"]
[Site "Kurgan"]
[Date "1993.??.??"]
[Round "?"]
[White "Pospelov, Evgeny"]
[Black "Fradkin, Boris"]
[Result "1/2-1/2"]
[WhiteElo "2395"]
[BlackElo "2385"]
[PlyCount "66"]
[EventDate "1993.12.??"]
[Source "ChessBase"]

1. d4 Nf6 2. c4 e6 3. Nc3 Bb4 4. Qb3 c5 5. dxc5 Na6 6. Bd2 O-O 7. Nf3 Bxc5 8. e3 b6 9. Be2 Bb7 10. O-O Be7 11. Rfd1 Rc8 12. Be1 Nc5 13. Qc2 Qc7 14. Nd4 Qb8 15. f3 d5 16. cxd5 Nxd5 17. Nxd5 Bxd5 18. Nf5 Bf6 19. Bg3 Qa8 20. Nd6 Nb3 21. Nxc8 Nxa1 22. Ne7+ Bxe7 23. Rxa1 Rc8 24. Qd2 Bf6 25. e4 Bc4 26. Bxc4 Rxc4 27. Rc1 Rd4 28. Qc2 Qd8 29. Bf4 h6 30. Qc8 g5 31. Be3 Rd1+ 32. Kf2 Qxc8 33. Rxc8+ Kg7 1/2-1/2

[Event "Polanica Zdroj POL,  Open A 2005"]
[Site "?"]
[Date "2005.??.??"]
[Round "9.6"]
[White "Pakleza Zbigniew"]
[Black "Kislov Mikhail"]
[Result "1-0"]
[WhiteElo "2419"]
[BlackElo "2351"]
[PlyCount "89"]
[EventDate "2005.??.??"]
[Source "www.chesslib.no"]
[SourceDate "2004.05.04"]

1. d4 Nf6 2. c4 e6 3. Nc3 Bb4 4. Qb3 c5 5. dxc5 Na6 6. Nf3 Qe7 7. a3 Bxc3+ 8. Qxc3 Nxc5 9. Bf4 d6 10. Nd2 O-O 11. Bg5 a5 12. g3 b5 13. Bg2 b4 14. Bxf6 gxf6 15. Qd4 e5 16. Qh4 Bb7 17. Bh3 Kg7 18. Bf5 Rh8 19. f3 d5 20. Qg4+ Kf8 21. cxd5 Bxd5 22. axb4 axb4 23. O-O Rxa1 24. Rxa1 Qb7 25. Kf1 h5 26. Qh4 Kg7 27. Rc1 Ne6 28. Bxe6 fxe6 29. Ke1 Qb6 30. Nf1 Kg6 31. g4 Qd4 32. Rc7 Rh6 33. Rc8 Kh7 34. Rc7+ Kg6 35. Rc8 Kh7 36. e4 Bb3 37. g5 Qd1+ 38. Kf2 Qd4+ 39. Ke1 Qd1+ 40. Kf2 Qd4+ 41. Kg2 Qxb2+ 42. Kh3 Bc4 43. Rxc4 Qe2 44. Rc7+ Kg6 45. Ng3 1-0

[Event "Bourbon Lancy op"]
[Site "Bourbon Lancy"]
[Date "1998.10.25"]
[Round "3"]
[White "Legky, Nikolay A"]
[Black "Guedon, Stephanne"]
[Result "1-0"]
[WhiteElo "2465"]
[BlackElo "2305"]
[PlyCount "43"]
[EventDate "1998.10.??"]
[Source "www.chesslib.no"]
[SourceDate "2004.05.04"]

1. d4 Nf6 2. c4 e6 3. Nc3 Bb4 4. Qb3 c5 5. dxc5 Na6 6. a3 Bxc5 7. Nf3 b6 8. Qc2 Bb7 9. b4 Be7 10. e4 d6 11. c5 Nb8 12. cxd6 Bxd6 13. e5 Bxf3 14. exf6 Qxf6 15. gxf3 O-O 16. Bb2 Be5 17. f4 Qxf4 18. Bg2 Nd7 19. Bxa8 Rxa8 20. Ne2 Qf3 21. Rg1 g6 22. Rd1 1-0

[Event "Groningen (Women)"]
[Site "Groningen"]
[Date "1999.12.23"]
[Round "4"]
[White "Bosboom Lanchava, Tea"]
[Black "Khurtsidze, Nino"]
[Result "0-1"]
[WhiteElo "2297"]
[BlackElo "2472"]
[PlyCount "114"]
[EventDate "1999.12.19"]
[Source "ChessBase"]
[SourceDate "2000.04.05"]

1. d4 Nf6 2. c4 e6 3. Nc3 Bb4 4. Qb3 c5 5. a3 Ba5 6. e3 Ne4 7. Bd3 Nxc3 8. bxc3 Qb6 9. Qxb6 Bxc3+ 10. Bd2 Bxd2+ 11. Kxd2 axb6 12. Ne2 d6 13. Rhb1 Ra6 14. d5 Nd7 15. Nc3 Ke7 16. Be2 Nf6 17. Rb3 h5 18. Rab1 Ra5 19. a4 exd5 20. cxd5 Bf5 21. e4 Bxe4 22. Re1 Kd8 23. Bc4 Bf5 24. Rxb6 Kc7 25. Rb3 Re8 26. Rxe8 Nxe8 27. Bb5 Nf6 28. Ke3 Ra8 29. Kf4 Bg6 30. Rb2 Rf8 31. Re2 Kd8 32. a5 Nd7 33. Ba4 Ne5 34. Bb5 Kc7 35. Kg3 Kd8 36. f4 Nd7 37. Kf3 Re8 38. Rb2 Re7 39. Ba4 Nf6 40. Rb6 Ne4 41. a6 bxa6 42. Nxe4 Bxe4+ 43. Kg3 Kc7 44. Rc6+ Kb7 45. Rxd6 c4 46. Rd8 Kc7 47. Ra8 Bxd5 48. Rxa6 Re2 49. f5 Rxg2+ 50. Kf4 Rxh2 51. Ke5 Rd2 52. f6 gxf6+ 53. Rxf6 Be6 54. Be8 c3 55. Rf3 Rd5+ 56. Ke4 Rc5 57. Rf1 Kd8 0-1

[Event "HUN-chT2 9900"]
[Site "?"]
[Date "1999.11.14"]
[Round "4"]
[White "Barbero Gerardo F"]
[Black "Magyar Otto"]
[Result "0-1"]
[WhiteElo "2458"]
[BlackElo "2300"]
[PlyCount "56"]
[EventDate "1999.??.??"]
[Source "www.chesslib.no"]
[SourceDate "2004.05.04"]

1. d4 Nf6 2. c4 e6 3. Nc3 Bb4 4. Qb3 Nc6 5. Nf3 a5 6. a3 a4 7. Qc2 Bxc3+ 8. Qxc3 O-O 9. Bg5 h6 10. Bh4 d6 11. Nd2 e5 12. dxe5 dxe5 13. e3 Re8 14. Be2 Qe7 15. Qc2 Nd4 16. Qd1 Nf5 17. Bg3 Rd8 18. O-O Nxg3 19. hxg3 Ne4 20. Nxe4 Rxd1 21. Rfxd1 Bf5 22. Nc3 Bc2 23. Rd2 Bb3 24. Bd1 Qc5 25. Rd5 Qxc4 26. Rxe5 Rd8 27. Bf3 Qa6 28. Ne2 Qf6 0-1

[Event "Pula op"]
[Site "Pula"]
[Date "2002.05.14"]
[Round "4"]
[White "Belotelov, Denis"]
[Black "Pilgaard, Kim"]
[Result "0-1"]
[WhiteElo "2331"]
[BlackElo "2426"]
[PlyCount "40"]
[EventDate "2002.05.12"]
[Source "ChessBase"]
[SourceDate "2002.07.08"]

1. d4 Nf6 2. c4 e6 3. Nc3 Bb4 4. Qb3 c5 5. dxc5 Bxc5 6. Nf3 O-O 7. Bf4 Nc6 8. Rd1 b6 9. e3 Bb7 10. Be2 Rc8 11. a3 Be7 12. O-O d6 13. Nb5 Ne8 14. Qd3 e5 15. Bg3 f5 16. Qb3 Kh8 17. Bxe5 a6 18. Nbd4 Na5 19. Qc3 Qd7 20. Bxg7+ Nxg7 0-1

[Event "Tch-ISL, Reykjavik ISL"]
[Site "?"]
[Date "2000.??.??"]
[Round "4"]
[White "Bergsson, Sn"]
[Black "Olafsson, H."]
[Result "0-1"]
[WhiteElo "2275"]
[BlackElo "2475"]
[PlyCount "44"]
[EventDate "2000.??.??"]
[Source "www.chesslib.no"]
[SourceDate "2004.05.04"]

1. d4 Nf6 2. c4 e6 3. Nc3 Bb4 4. Qb3 c5 5. d5 O-O 6. f3 b5 7. cxb5 exd5 8. Bd2 d4 9. Nb1 Bxd2+ 10. Nxd2 d6 11. O-O-O Be6 12. Qa3 Nbd7 13. Kb1 Nd5 14. e4 dxe3 15. Nc4 Qe7 16. Ka1 Nb4 17. Rc1 a6 18. b6 Bxc4 19. Bxc4 Nxb6 20. Ne2 Nxc4 21. Rxc4 d5 22. Rcc1 d4 0-1

[Event "Cappelle Open"]
[Site "Cappelle la Grande FRA"]
[Date "1995.??.??"]
[Round "9"]
[White "Ruckschloss, Karol"]
[Black "Pushkov, Nikolai"]
[Result "1/2-1/2"]
[WhiteElo "2240"]
[BlackElo "2505"]
[PlyCount "89"]
[EventDate "1995.03.??"]
[Source "www.chesslib.no"]
[SourceDate "2004.05.04"]

1. c4 e6 2. d4 Nf6 3. Nc3 Bb4 4. Qb3 c5 5. Nf3 Nc6 6. a3 Bxc3+ 7. Qxc3 Ne4 8. Qd3 Qa5+ 9. Nd2 d5 10. f3 Nf6 11. dxc5 d4 12. Kf2 e5 13. Nb3 Qd8 14. e4 a5 15. Bd2 Nd7 16. a4 O-O 17. g4 Qe7 18. h4 Nxc5 19. Nxc5 Qxc5 20. Qa3 b6 21. h5 f6 22. Bd3 Bd7 23. Rhb1 Ra6 24. b4 axb4 25. Rxb4 Nxb4 26. Bxb4 Qc8 27. Bxf8 Rxa4 28. Qe7 Qxf8 29. Qxf8+ Kxf8 30. Rb1 Ra2+ 31. Ke1 Ra3 32. Kd2 Ra6 33. Rb2 Ke7 34. c5 b5 35. Bxb5 Ra3 36. Bxd7 Kxd7 37. Rb7+ Kc6 38. Rxg7 Rxf3 39. Rxh7 Rf4 40. Rf7 Rxg4 41. Rxf6+ Kxc5 42. h6 Rh4 43. Kd3 Rh3+ 44. Kd2 Rh2+ 45. Kd3 1/2-1/2

[Event "Cappelle la Grande FRA"]
[Site "Cappelle la Grande FRA"]
[Date "1995.??.??"]
[Round "9"]
[White "Ruckschloss, Karol"]
[Black "Pushkov, Nikolai"]
[Result "1/2-1/2"]
[WhiteElo "2240"]
[BlackElo "2505"]
[PlyCount "89"]
[EventDate "1995.??.??"]
[Source "www.chesslib.no"]
[SourceDate "2004.05.04"]

1. c4 e6 2. d4 Nf6 3. Nc3 Bb4 4. Qb3 c5 5. Nf3 Nc6 6. a3 Bxc3+ 7. Qxc3 Ne4 8. Qd3 Qa5+ 9. Nd2 d5 10. f3 Nf6 11. dxc5 d4 12. Kf2 e5 13. Nb3 Qd8 14. e4 a5 15. Bd2 Nd7 16. a4 O-O 17. g4 Qe7 18. h4 Nxc5 19. Nxc5 Qxc5 20. Qa3 b6 21. h5 f6 22. Bd3 Bd7 23. Rhb1 Ra6 24. b4 axb4 25. Rxb4 Nxb4 26. Bxb4 Qc8 27. Bxf8 Rxa4 28. Qe7 Qxf8 29. Qxf8+ Kxf8 30. Rb1 Ra2+ 31. Ke1 Ra3 32. Kd2 Ra6 33. Rb2 Ke7 34. c5 b5 35. Bxb5 Rc6 36. Ba6 Rxc5 37. Ra2 Ba4 38. Bc8 Be8 39. Kd1 Bc6 40. Ra6 Bb7 41. Bd7 Bxe4 42. Be8 Bb1 43. Ra1 Rc2 44. Ra4 d3 45. Rc4 1/2-1/2

[Event "FRA-chT 9900"]
[Site "?"]
[Date "2000.04.30"]
[Round "10.5"]
[White "Eliet Nicolas"]
[Black "Giffard Nicolas"]
[Result "1/2-1/2"]
[WhiteElo "2379"]
[BlackElo "2364"]
[PlyCount "172"]
[EventDate "2000.??.??"]
[Source "www.chesslib.no"]
[SourceDate "2004.05.04"]

1. d4 Nf6 2. c4 e6 3. Nc3 Bb4 4. Qb3 a5 5. Bg5 h6 6. Bh4 b6 7. Nf3 Bb7 8. Nd2 Nc6 9. e3 a4 10. Qc2 a3 11. Be2 axb2 12. Qxb2 Ba3 13. Qb3 Be7 14. O-O O-O 15. Bg3 d6 16. Rfd1 Qd7 17. Nb5 Rfb8 18. h3 Bd8 19. Qb2 Ne7 20. Bd3 Ne8 21. Qc2 Qc6 22. e4 Qd7 23. a3 Ba6 24. Nf3 c6 25. Nc3 Bc7 26. d5 e5 27. dxc6 Nxc6 28. Nd5 Bd8 29. Rab1 Qa7 30. Be2 Bc8 31. Nb4 Bd7 32. Rd3 Ne7 33. Qd2 Be6 34. Nd5 Ng6 35. Rdb3 Nf8 36. Nh4 Nd7 37. Qc2 Nc5 38. Rc3 g6 39. Nf3 f5 40. Nd2 fxe4 41. f3 Qa4 42. Nxe4 Qxc2 43. Rxc2 Bf5 44. Ndc3 Rxa3 45. Bf2 Rba8 46. Rbb2 Nf6 47. Bxc5 bxc5 48. Nxf6+ Bxf6 49. Ne4 Bxe4 50. fxe4 Bg5 51. Rb1 Be3+ 52. Kh2 Bf4+ 53. Kg1 Bg3 54. Rd2 Ra1 55. Rxa1 Rxa1+ 56. Rd1 Ra6 57. Rd3 Be1 58. Kf1 Bb4 59. Kf2 Kg7 60. h4 h5 61. g4 hxg4 62. Bxg4 Kf6 63. Be2 Ba3 64. Rf3+ Kg7 65. Rg3 Kh6 66. Rb3 Bc1 67. Rb8 Bd2 68. h5 gxh5 69. Rh8+ Kg7 70. Rxh5 Ra3 71. Rh1 Be3+ 72. Kg2 Bd4 73. Rh3 Ra2 74. Rg3+ Kf6 75. Kf3 Bc3 76. Rg8 Be1 77. Rf8+ Kg7 78. Rd8 Rd2 79. Ke3 Kf7 80. Rh8 Ra2 81. Rh7+ Kf6 82. Rh6+ Ke7 83. Rh7+ Ke6 84. Rh6+ Kd7 85. Rh7+ Kc6 86. Bg4 Ra3+ 1/2-1/2

[Event "Landesliga S Bayern 9495"]
[Site "GER"]
[Date "1995.??.??"]
[Round "1"]
[White "Riedel, Wolfgang"]
[Black "Lechtynsky, Jiri"]
[Result "0-1"]
[WhiteElo "2340"]
[BlackElo "2400"]
[PlyCount "84"]
[EventDate "1994.10.??"]
[Source "www.chesslib.no"]
[SourceDate "2004.05.04"]

1. d4 Nf6 2. c4 e6 3. Nc3 Bb4 4. Qb3 c5 5. dxc5 Bxc5 6. Nf3 O-O 7. Bg5 h6 8. Bh4 Be7 9. e4 d6 10. Be2 b6 11. Rd1 Nbd7 12. e5 dxe5 13. Nxe5 Qc7 14. Nxd7 Bxd7 15. Ne4 Nxe4 16. Bxe7 Rfe8 17. Ba3 Rad8 18. O-O Bc6 19. Qe3 Rxd1 20. Rxd1 e5 21. f3 Ng5 22. Bd6 Qc8 23. c5 b5 24. b4 a6 25. Re1 e4 26. f4 Nf3+ 27. gxf3 exf3 28. Qf2 fxe2 29. Rxe2 Qg4+ 30. Kf1 Qh3+ 31. Kg1 Qg4+ 32. Kf1 Qh3+ 33. Kg1 Rxe2 34. Qxe2 Qc3 35. Kf2 Qxb4 36. Ke3 Bd5 37. Kf2 Qd4+ 38. Kg3 f5 39. c6 Qc3+ 40. Kh4 Qf6+ 41. Kg3 Qg6+ 42. Kf2 Qxd6 0-1

[Event "Bundesliga 8788"]
[Site "Germany"]
[Date "1988.??.??"]
[Round "?"]
[White "Riedel, Wolfgang"]
[Black "Schulte, Oliver"]
[Result "0-1"]
[WhiteElo "2310"]
[BlackElo "2425"]
[PlyCount "103"]
[EventDate "1987.10.??"]
[Source "ChessBase"]
[SourceDate "1999.07.01"]

1. d4 Nf6 2. c4 e6 3. Nc3 Bb4 4. Qb3 a5 5. Nf3 b6 6. Bg5 h6 7. Bh4 Bb7 8. e3 d6 9. a3 a4 10. Qc2 Bxc3+ 11. Qxc3 Nbd7 12. Bd3 Qe7 13. O-O-O O-O 14. Bc2 Rfc8 15. Rhe1 c5 16. d5 e5 17. Bf5 Rc7 18. g4 g6 19. g5 hxg5 20. Bxg5 Nf8 21. Bc2 N8h7 22. h4 Bc8 23. Rg1 Qf8 24. Bxf6 Nxf6 25. h5 Bg4 26. Rg3 Bxh5 27. Rh1 Bxf3 28. Rxf3 Kg7 29. Rfh3 Qe7 30. f4 Rg8 31. Bxa4 Rcc8 32. Rf1 Rh8 33. Rhf3 Ne4 34. Qc2 f5 35. Qg2 exf4 36. exf4 Rh6 37. Bc2 Rch8 38. Rg1 Qf6 39. Qe2 Rh2 40. Rg2 Rh1+ 41. Rf1 Qd4 42. Rd1 Rxd1+ 43. Bxd1 Rh1 44. Rxg6+ Kxg6 45. Qg2+ Kf6 46. Qxh1 Qxc4+ 47. Bc2 Qxd5 48. Qh6+ Ke7 49. Qh4+ Ke6 50. Qd8 Qd2+ 51. Kb1 Qxf4 52. Qxb6 0-1